000 00372nam a22001337a 4500
082 _a621.8
_bLEN
_cL-5, P-5
100 _aLent, Deane
_942163
245 _aAnalysis and design of mechanisms
_cLent, Deane
260 _aUSA
_bPrentice-hall
_c1961
300 _axii, 328 p.
_bill.
_c24 cm
526 _a0
_b0
_c0
_d621_800000000000000_LEN
650 _aMCE
_9379
942 _2ddc
_cBK
999 _c546105
_d546105